000 00461nam a2200169 a 4500
001 0000-8814
003 ELIB.Books
008 110520 1997
035 _a(ELIB.Books)0000-8960
082 _a232
_bWri
100 _aWright, Chris
245 _aThinking Clearly about the Uniqueness of Jesus
260 _bMonarch: Evangelical Alliance SCB Publishers
_c1997
650 _aJesus Christ
942 _2ddc
_cBK
998 _cbat
_e2011-05-20
999 _c8814
_d8814